Name as Many Rappers as you can - Statistics

General Stats
  • This quiz has been taken 68 times
    18 since last reset
  • The average score is 55 of 277
Answer Stats
Answer % Correct
Lil Wayne
82%
Eminem
76%
Kendrick Lamar
76%
Kanye West
71%
XXXTENTACION
71%
Drake
65%
Jay Z
65%
Nicki Minaj
65%
Cardi B
59%
Destroy Lonely
59%
Lil Uzi Vert
59%
Megan Thee Stallion
59%
Travis Scott
59%
Tyler, The Creator
59%
2Pac
53%
Future
53%
Lil Nas X
53%
The Notorious B.I.G.
53%
A$AP Rocky
47%
J. Cole
47%
Juice WRLD
47%
Playboi Carti
47%
Post Malone
47%
21 Savage
41%
Diddy
41%
Don Toliver
41%
Dr. Dre
41%
Ice Cube
41%
Ice Spice
41%
Kid Cudi
41%
Lil Baby
41%
Lil Tecca
41%
Metro Boomin
41%
Nas
41%
Snoop Dogg
41%
Young Thug
41%
50 Cent
35%
Andre 3000
35%
DaBaby
35%
Doechii
35%
Doja Cat
35%
Ken Carson
35%
King Von
35%
Lil Pump
35%
Lil Yachty
35%
Mac Miller
35%
Pusha T
35%
Ty Dolla $ign
35%
Yeat
35%
Young Nudy
35%
Bad Bunny
29%
BossmanDlow
29%
Che
29%
Chief Keef
29%
Childish Gambino
29%
Flo Milli
29%
Ghostface Killah
29%
LL Cool J
29%
MF Doom
29%
Missy Elliott
29%
NBA Youngboy
29%
Offset
29%
Osamason
29%
Pitbull
29%
Quavo
29%
Roddy Ricch
29%
Takeoff
29%
T.I.
29%
Trippie Redd
29%
Wiz Khalifa
29%
2 Chainz
24%
A$AP Ferg
24%
A Boogie wit da hoodie
24%
Bktherula
24%
Central Cee
24%
Eazy E
24%
Gunna
24%
Ice T
24%
Iggy Azalea
24%
JI
24%
Latto
24%
Lil tjay
24%
Logic
24%
Lucki
24%
Ludacris
24%
Molly Santana
24%
Mos Def
24%
Nettspend
24%
NLE Choppa
24%
Polo G
24%
Rick Ross
24%
Saweetie
24%
Sexyy Red
24%
Skepta
24%
Ski Mask the Slump God
24%
SoFaygo
24%
Swae Lee
24%
24kgoldn
18%
2hollis
18%
6ix9ine
18%
Autumn!
18%
Baby Keem
18%
BIA
18%
Big Boi
18%
Big Sean
18%
BigXthaplug
18%
Common
18%
Coolio
18%
Denzel Curry
18%
Desiigner
18%
Fetty Wap
18%
French Montana
18%
GloRilla
18%
Gucci Mane
18%
Homixide beno
18%
Homixide meechie
18%
Jack Harlow
18%
Jay Rock
18%
JID
18%
JT
18%
KYLE
18%
Lauryn Hill
18%
Lil Durk
18%
Lil' Kim
18%
Lil mosey
18%
Lupe Fiasco
18%
Meek Mill
18%
Mgk
18%
Pharrell Williams
18%
Pop Smoke
18%
Rich Homie Quan
18%
Rod Wave
18%
RZA
18%
Summrs
18%
Swizz Beatz
18%
The Fresh Prince
18%
T Pain
18%
Westside Gunn
18%
YNW Melly
18%
Yung Gravy
18%
42 Dugg
12%
A$AP Nast
12%
A$AP Twelvyy
12%
A$AP Yams
12%
Almighty Jay
12%
Apollo Red
12%
BabyChiefDoit
12%
Birdman
12%
Blueface
12%
Boosie
12%
Bow Wow
12%
Busta Rhymes
12%
Cam'Ron
12%
Chance the Rapper
12%
Cochise
12%
Cordae
12%
DC The Don
12%
DDG
12%
DD Osama
12%
DMX
12%
E-40
12%
Eem Triplin
12%
Finesse2tymes
12%
Fivio Foreign
12%
GELO
12%
G Herbo
12%
Grandmaster Flash
12%
GZA
12%
Ian
12%
Iann Dior
12%
Jaden
12%
Ja Rule
12%
Jenn Carter
12%
Joey Bada$$
12%
Juicy J
12%
Kankan
12%
Key Glock
12%
Killer Mike
12%
Kodak Black
12%
Lil Keed
12%
Malice
12%
Master P
12%
Method Man
12%
Moneybagg Yo
12%
Nelly
12%
Ol' Dirty Bastard
12%
Paul Wall
12%
Pierre Bourne
12%
Pooh Shiesty
12%
Queen Latifah
12%
Raekwon
12%
Rakim
12%
Rich Amiri
12%
Rich the kid
12%
Rob49
12%
SahBabii
12%
ScHoolboy Q
12%
Sheck Wes
12%
TaTa
12%
Tay K
12%
That Mexican OT
12%
Vince staples
12%
Wale
12%
Yuno Miles
12%
Zeddy Will
12%
2Rare
6%
Amine
6%
AzChike
6%
Benji Blue Bills
6%
Big Daddy Kane
6%
Big Pun
6%
Bloodhound Lil Jeff
6%
CeeLo Green
6%
Coi Leray
6%
Comethazine
6%
Craig G
6%
Craig Xen
6%
Curren$y
6%
Da Brat
6%
Dina Ayada
6%
DJ Yella
6%
dody6
6%
G Easy
6%
Inspectah Deck
6%
Jorjiana
6%
Juvenile
6%
Ka$hdami
6%
Kap G
6%
Kevin Gates
6%
Lefty Gunplay
6%
Lil flip
6%
Lil Loaded
6%
Mavi
6%
NAV
6%
Nipsey Hussle
6%
NoCap
6%
Prettifun
6%
RONNY J
6%
Rubi Rose
6%
Slayr
6%
Slick Rick
6%
Slim Jxmmi
6%
Soulja Boy
6%
Tech N9ne
6%
Tee Grizzley
6%
The Game
6%
TiaCorine
6%
Too $hort
6%
Toosii
6%
Ugly God
6%
Veeze
6%
Wocka Flocka Flame
6%
Ybn Nahmir
6%
YG
6%
Young Dolph
6%
Young MA
6%
Yung Lean
6%
Yung Miami
6%
4batz
0%
Ayo
0%
Babyface Ray
0%
BLP KOSHER
0%
Craig Mack
0%
Gunplay
0%
Hardrock
0%
Havic
0%
Jacquees
0%
K3
0%
Kyle Richh
0%
Luxury Tax 50
0%
midwxst
0%
Mike Jones
0%
$not
0%
Prodigy
0%
Teo
0%
Wallie the sensei
0%
Yvngxchris
0%
No matching quizzes found
Score Distribution
Percent of People with Each Score
Percentile by Number Answered
Your Score History
You have not taken this quiz since the last reset